000 00667nam a22002057a 4500
005 20251108173724.0
008 250721s2006 xx 000 0 ara d
082 1 4 _aم/346.02/حجا
100 1 _aالجمال، مصطفى
245 1 0 _aمصادر و أحكام الالتزام : دراسة مقارنة /
264 1 _aبيروت :
_bمنشورات الحلبي الحقوقية،
_c2006.
300 _a695ص.
650 1 7 _aالعقود
650 1 7 _aالالتزام
650 1 7 _aالقانون الخاص
700 1 _aأبو السعود، رمضان محمد
700 1 _aسعد، نبيل إبراهيم
942 _2ddc
_cREF
999 _c110841
_d110841